| 000 | 00000nam 2200000zi 4500 |
| 001 | 9.954251 |
| 003 | CaOODSP |
| 005 | 20250820105913 |
| 006 | m o d f |
| 007 | cr mn||||||||| |
| 008 | 250819e20241016oncd obs f000 0 eng d |
| 040 | |aCaOODSP|beng|erda|cCaOODSP |
| 043 | |an-cn--- |
| 086 | 1 |aCS82-003/2024-10-2E-PDF |
| 100 | 1 |aPolsky, Jane Y., |eauthor. |
| 245 | 10|aTrends in household food insecurity from the Canadian Community Health Survey, 2017 to 2022 / |cby Jane Y. Polsky. |
| 264 | 1|a[Ottawa] : |bStatistics Canada = Statistique Canada, |cOctober 16, 2024. |
| 264 | 4|c©2024 |
| 300 | |a1 online resource (pages 18-26) : |bcharts. |
| 336 | |atext|btxt|2rdacontent |
| 337 | |acomputer|bc|2rdamedia |
| 338 | |aonline resource|bcr|2rdacarrier |
| 490 | 1 |aHealth reports, |x1209-1367 ; |vvol. 35, no. 10, [2] |
| 500 | |aIssued also in French under title: Les tendances associées à l’insécurité alimentaire des ménages tirées de l’Enquête sur la santé dans les collectivités canadiennes, 2017 à 2022. |
| 504 | |aIncludes bibliographical references (pages 25-26). |
| 520 | |a"Income-related food insecurity is an important determinant of health. This study aimed to provide an update on the food security status of Canadian households using the most recent available data from a health-oriented national-level survey. This study also examined trends in food insecurity since 2017, and how these have tracked with changes in price inflation"--Page 18. |
| 650 | 0|aFood security|zCanada|vStatistics. |
| 650 | 0|aHouseholds|zCanada|vStatistics. |
| 650 | 0|aIncome|zCanada|vStatistics. |
| 655 | 7|aStatistics|2lcgft |
| 710 | 2 |aStatistics Canada, |eissuing body. |
| 775 | 08|tLes tendances associées à l’insécurité alimentaire des ménages tirées de l’Enquête sur la santé dans les collectivités canadiennes, 2017 à 2022 / |w(CaOODSP)9.954253 |
| 830 | #0|aHealth reports (Series)|x1209-1367 ; |vvol. 35, no. 10, [2].|w(CaOODSP)9.950253 |
| 856 | 40|qPDF|s418 KB|uhttps://publications.gc.ca/collections/collection_2025/statcan/82-003-x/CS82-003-2024-10-2-eng.pdf |
| 856 | 41|qHTML|sN/A|uhttps://www150.statcan.gc.ca/n1/pub/82-003-x/2024010/article/00002-eng.htm |